Rainer María Rilke / (Record no. 37322)

MARC details
000 -LEADER
campo de control de longitud fija 00712nam a2200217 i 4500
001 - NÚMERO DE CONTROL
campo de control 37322
003 - IDENTIFICADOR DE NÚMERO DE CONTROL
campo de control ES-MaACL
005 - FECHA Y HORA DE LA ÚLTIMA TRANSACCIÓN
campo de control 20260426162625.0
007 - CAMPO FIJO DE DESCRIPCIÓN FÍSICA--INFORMACIÓN GENERAL
campo de control de longitud fija t|
008 - DATOS DE LONGITUD FIJA--INFORMACIÓN GENERAL
campo de control de longitud fija 030220s1943 ag ||||1| spa d
100 1# - ENTRADA PRINCIPAL--NOMBRE DE PERSONA
Nombre de persona Butler, E. M.
9 (RLIN) 32941
245 10 - MENCIÓN DEL TÍTULO
Título Rainer María Rilke /
Mención de responsabilidad, etc. E. M. Butler ; [traducción de Pablo Simón].
260 ## - PUBLICACIÓN, DISTRIBUCIÓN, ETC.
Lugar de publicación, distribución, etc. Buenos Aires :
Nombre del editor, distribuidor, etc. Poseidón,
Fecha de publicación, distribución, etc. [1943] (
Fabricante Sebastián de Amorrortu e Hijos)
300 ## - DESCRIPCIÓN FÍSICA
Extensión 483 p. :
Otras características físicas retr. aut. ;
Dimensiones 23 cm.
490 1# - MENCIÓN DE SERIE
Mención de serie Biografías de ayer y de hoy
600 14 - PUNTO DE ACCESO ADICIONAL DE MATERIA--NOMBRE DE PERSONA
Nombre de persona Rilke, Rainer Maria,
Fechas asociadas al nombre 1875-1926
9 (RLIN) 97230
700 1# - ENTRADA AGREGADA--NOMBRE PERSONAL
Nombre de persona Simón, Pablo.
9 (RLIN) 106530
830 0# - PUNTO DE ACCESO ADICIONAL DE SERIE-TÍTULO UNIFORME
Título uniforme Biografías de ayer y de hoy
9 (RLIN) 181707
852 ## - LOCALIZACIÓN
Ubicación ES-MaACL
Número de control de estantería D-6678
Sublocalización o colección R.30621
Holdings
Estatus retirado Estado de pérdida Estado de daño No para préstamo Biblioteca de origen Biblioteca actual Ubicación en estantería Fecha de adquisición Fuente de adquisición Total de préstamos Signatura topográfica completa Código de barras Visto por última vez Precio de reemplazo Tipo de ítem Koha
        Biblioteca del Ateneo de Madrid Biblioteca del Ateneo de Madrid Sala Valle Inclán 17/01/2008     D-6678 901039277 23/02/2023 23/02/2023 Libro impreso